| 000 | 00741nam a2200241Ia 4500 | ||
|---|---|---|---|
| 005 | 20260430150448.0 | ||
| 008 | 008 250103s9999 xx 000 0 eng d | ||
| 037 | _aTheses | ||
| 040 | _aCRL | ||
| 040 | _beng | ||
| 040 | _ceng | ||
| 041 | _2eng | ||
| 041 | _aeng | ||
| 084 | _qCRL | ||
| 100 |
_aSimran Au.; Seth Rakesh Kumar Gu.; Singh Yogendra Gu.; Seth Rajana Gu. _91237574 |
||
| 245 | 0 | _aBio-Efficacy of Entompathogenic Nematode, Steinernema Thermophilum on Lepidopteran Pest, Spodoptera Litura (Fabr.) vis-à-vis Ionizing Radiation | |
| 260 | _c2022 | ||
| 300 | _a107p. | ||
| 650 | _aZoology | ||
| 700 |
_aUniversity of Delhi. Faculty of Science. Deptt.of Zoology _91237575 |
||
| 942 | _cTH | ||
| 999 |
_c1849836 _d1849836 |
||